000 00916cam a2200265 4500
001 gs 66000286
003 DLC
005 20260227111419.0
008 690723s1967 dcuab b 00010 eng c
010 _ags 66000286 //r85
040 _aU.S. Geol. Survey. Library
050 0 _aQE75
_b.P9 no. 547
051 _aQE807.A5
_bJ63
_cCopy 2.
082 _a564/.53
100 1 0 _aJones, David Lawrence,
_d1930-
245 1 0 _aCretaceous ammonites from the lower part of the Matanuska formation, southern Alaska,
_cby David L. Jones.
260 0 _aWashington,
_bU.S. Govt. Print. Off.,
_c1967.
300 _aiv, 49 p.
_billus., 2 maps (1 fold. in pocket)
_c29 cm.
490 1 _aGeological Survey professional paper 547
504 _aBibliography: p. 44-46.
650 0 _aAmmonoidea.
650 0 _aPaleontology
_zAlaska.
650 0 _aPaleontology
_yCretaceous.
830 0 _aGeological Survey professional paper ;
_v547.
999 _c30259
_d30259